Santos vega : el payador /

Guardado en:
Autor Principal: Pages Larraya, Antonio
Formato: Libro
Publicado: Buenos Aires : Doble p, 1953
Materias:
Etiquetas: Agregar Etiqueta
Sin Etiquetas, Sea el primero en etiquetar este registro!
LEADER 00531nam a22001935a 4500
001 CEM.cems004842
005 20060217000000.0
008 130507s1953##################000#0#####d
003 CEMS
082 0 4 |a A862.4 
100 1 |a Pages Larraya, Antonio 
245 1 0 |a Santos vega :  |b el payador / 
260 |a Buenos Aires :  |b Doble p,  |c 1953 
300 |a 94 p. 
653 |a Literatura 
653 |a Literatura argentina 
653 |a Teatro 
653 |a Teatro argentino-siglo 20 
859 |a CEMS  |b BIB. CEMS - 11 de abril  |h A862.4  |i P141  |p 8561.80  |t Ej.1